| 000 | 00375nam a2200157Ia 4500 | ||
|---|---|---|---|
| 008 | 221030s9999 xx 000 0 und d | ||
| 020 | _a8173191794 | ||
| 041 | _aEnglish | ||
| 082 |
_a105.23 _bHug |
||
| 100 | _aL. Hughes | ||
| 245 | 3 | _aAn Introduciton to Data Communication | |
| 260 |
_bNarosa Pub. _aNew Delhi _c1999 |
||
| 300 | _a502 | ||
| 650 | _aComputers | ||
| 942 | _cBK | ||
| 999 |
_c2015 _d2015 |
||